Bollywood Movies by Picture #4 - Statistics

General Stats
  • This quiz has been taken 375 times
  • The average score is 7 of 10
Answer Stats
Picture Answer % Correct
Baahubali 2: The Conclusion
91%
Jab We Met
88%
Dilwale Dulhania Le Jayenge
85%
Barfi!
82%
Ghajini
78%
Dil Chahta Hai
72%
Mr India
72%
The Lunchbox
70%
Deewaar
34%
Silsila
34%
No matching quizzes found
Score Distribution
Percent of People with Each Score
Percentile by Number Answered
Your Score History
You have not taken this quiz